000 00602 a2200205 4500
005 20260213162741.0
008 260212b |||||||| |||| 00| 0 eng d
020 _a9780443296246
_c$185.00
040 _aMAIN
082 _a579.0285
_bS38M
100 _a Mishra, Vaibhav, ed.
245 _aMethods in microbiology: Artificial intelligence in microbiology scope and challenges,V1
260 _bAcademic Press
_c2024
_aCambridge
300 _axvi, 281
650 _aMicrobiology
650 _aMicroorganisms
650 _aArtificial Intelligence
700 _aSrivastava, Akanksha
942 _cBK
999 _c395811
_d395811